[Event "ODJM B 2024"]
[Site "Willingen GER"]
[Date "2024.05.25"]
[Round "9"]
[White "Frydel, Marcel"]
[Black "Uhlmann, Jonas"]
[Result "1/2-1/2"]
[Termination "normal"]
[Board "6"]
[WhiteElo "1692"]
[BlackElo "1842"]
[WhiteClock "00:06:37"]
[BlackClock "01:15:31"]
[PlyCount "82"]
[WhiteFideId "16245733"]
[BlackFideId "16258576"]
[EventCountry "GER"]
[EventRounds "9"]
[EventType "swiss"]
[EventDate "2024.05.18"]

1. e4 {[%clk 01:30:56]} {[%emt 00:00:03]} c5 {[%clk 01:30:58]} {[%emt
00:00:03]} 2. Nf3 {[%clk 01:31:21]} {[%emt 00:00:05]} e6 {[%clk 01:31:23]}
{[%emt 00:00:04]} 3. d4 {[%clk 01:31:21]} {[%emt 00:00:30]} cxd4 {[%clk
01:31:48]} {[%emt 00:00:06]} 4. Nxd4 {[%clk 01:31:37]} {[%emt 00:00:13]} Bc5
{[%clk 01:32:08]} {[%emt 00:00:10]} 5. c3 {[%clk 01:27:58]} {[%emt 00:04:09]}
Nc6 {[%clk 01:31:07]} {[%emt 00:01:31]} 6. Nxc6 {[%clk 01:27:34]} {[%emt
00:00:53]} bxc6 {[%clk 01:31:31]} {[%emt 00:00:06]} 7. g3 {[%clk 01:21:42]}
{[%emt 00:06:23]} Ne7 {[%clk 01:29:38]} {[%emt 00:02:24]} 8. Qe2 {[%clk
01:20:04]} {[%emt 00:02:07]} O-O {[%clk 01:29:44]} {[%emt 00:00:24]} 9. Bg2
{[%clk 01:20:30]} {[%emt 00:00:04]} a5 {[%clk 01:29:28]} {[%emt 00:00:46]} 10.
Qg4 {[%clk 01:08:42]} {[%emt 00:12:18]} Qb6 {[%clk 01:28:32]} {[%emt 00:01:26]}
11. O-O {[%clk 01:04:08]} {[%emt 00:05:04]} Ba6 {[%clk 01:28:55]} {[%emt
00:00:07]} 12. b4 {[%clk 00:56:34]} {[%emt 00:08:05]} axb4 {[%clk 01:27:13]}
{[%emt 00:02:11]} 13. Rd1 {[%clk 00:44:23]} {[%emt 00:12:40]} Bxf2+ {[%clk
01:27:23]} {[%emt 00:00:20]} 14. Kh1 {[%clk 00:44:45]} {[%emt 00:00:08]} Rad8
{[%clk 01:22:55]} {[%emt 00:04:59]} 15. Bg5 {[%clk 00:41:28]} {[%emt 00:03:48]}
f6 {[%clk 01:21:06]} {[%emt 00:02:18]} 16. Rxd7 {[%clk 00:39:52]} {[%emt
00:02:06]} Rxd7 {[%clk 01:20:21]} {[%emt 00:01:14]} 17. Qxe6+ {[%clk 00:40:09]}
{[%emt 00:00:14]} Kh8 {[%clk 01:20:43]} {[%emt 00:00:09]} 18. Qxd7 {[%clk
00:39:27]} {[%emt 00:01:11]} Rd8 {[%clk 01:21:05]} {[%emt 00:00:08]} 19. Qxe7
{[%clk 00:32:27]} {[%emt 00:07:30]} fxg5 {[%clk 01:21:32]} {[%emt 00:00:02]}
20. Bf3 {[%clk 00:29:20]} {[%emt 00:03:38]} h6 {[%clk 01:20:20]} {[%emt
00:01:42]} 21. e5 {[%clk 00:28:25]} {[%emt 00:01:25]} Bc5 {[%clk 01:20:12]}
{[%emt 00:00:38]} 22. Qe6 {[%clk 00:28:08]} {[%emt 00:00:46]} Bc8 {[%clk
01:19:21]} {[%emt 00:01:21]} 23. Qg6 {[%clk 00:26:05]} {[%emt 00:02:33]} g4
{[%clk 01:18:42]} {[%emt 00:01:10]} 24. Bxg4 {[%clk 00:24:33]} {[%emt
00:02:02]} Bxg4 {[%clk 01:18:55]} {[%emt 00:00:18]} 25. Qxg4 {[%clk 00:24:55]}
{[%emt 00:00:07]} bxc3 {[%clk 01:18:29]} {[%emt 00:00:56]} 26. Nxc3 {[%clk
00:18:08]} {[%emt 00:07:17]} Qb2 {[%clk 01:14:38]} {[%emt 00:04:20]} 27. Rd1
{[%clk 00:17:27]} {[%emt 00:01:12]} Rxd1+ {[%clk 01:14:22]} {[%emt 00:00:46]}
28. Nxd1 {[%clk 00:17:50]} {[%emt 00:00:08]} Qc2 {[%clk 01:14:46]} {[%emt
00:00:05]} 29. a4 {[%clk 00:14:17]} {[%emt 00:04:04]} Qd3 {[%clk 01:15:02]}
{[%emt 00:00:11]} 30. Kg2 {[%clk 00:13:29]} {[%emt 00:01:19]} Qc2+ {[%clk
01:14:16]} {[%emt 00:01:17]} 31. Kh1 {[%clk 00:13:27]} {[%emt 00:00:33]} Qd3
{[%clk 01:13:53]} {[%emt 00:00:52]} 32. Kg2 {[%clk 00:12:49]} {[%emt 00:01:07]}
Qd5+ {[%clk 01:14:07]} {[%emt 00:00:16]} 33. Qf3 {[%clk 00:12:32]} {[%emt
00:00:48]} Qa2+ {[%clk 01:14:23]} {[%emt 00:00:14]} 34. Nf2 {[%clk 00:09:53]}
{[%emt 00:03:09]} Qxa4 {[%clk 01:14:45]} {[%emt 00:00:08]} 35. e6 {[%clk
00:09:19]} {[%emt 00:01:04]} Bxf2 {[%clk 01:14:43]} {[%emt 00:00:31]} 36. Kxf2
{[%clk 00:07:52]} {[%emt 00:01:58]} Qa2+ {[%clk 01:15:05]} {[%emt 00:00:08]}
37. Qe2 {[%clk 00:08:16]} {[%emt 00:00:05]} Qxe2+ {[%clk 01:15:31]} {[%emt
00:00:05]} 38. Kxe2 {[%clk 00:08:37]} {[%emt 00:00:09]} Kg8 {[%clk 01:15:56]}
{[%emt 00:00:05]} 39. Kd3 {[%clk 00:08:49]} {[%emt 00:00:18]} Kf8 {[%clk
01:16:18]} {[%emt 00:00:08]} 40. Kd4 {[%clk 00:08:42]} {[%emt 00:00:37]} Ke7
{[%clk 01:16:41]} {[%emt 00:00:07]} 41. Ke5 {[%clk 00:06:37]} {[%emt 00:02:35]}
g6 {[%clk 01:15:31]} {[%emt 00:01:40]} 1/2-1/2

[Event "ODJM B 2024"]
[Site "Willingen GER"]
[Date "2024.05.25"]
[Round "9"]
[White "Kelembet, Maksym"]
[Black "Fischer, Lorenz"]
[Result "1/2-1/2"]
[Termination "normal"]
[Board "7"]
[WhiteElo "1611"]
[BlackElo "1714"]
[WhiteClock "00:55:55"]
[BlackClock "00:40:31"]
[PlyCount "80"]
[WhiteFideId "34684735"]
[BlackFideId "16296710"]
[EventCountry "GER"]
[EventRounds "9"]
[EventType "swiss"]
[EventDate "2024.05.18"]

1. Nf3 {[%clk 01:30:59]} c5 {[%clk 01:30:54]} {[%emt 00:00:07]} 2. c4 {[%clk
01:31:25]} {[%emt 00:00:04]} Nc6 {[%clk 01:31:18]} {[%emt 00:00:06]} 3. d4
{[%clk 01:31:50]} {[%emt 00:00:04]} cxd4 {[%clk 01:31:44]} {[%emt 00:00:04]} 4.
Nxd4 {[%clk 01:32:14]} {[%emt 00:00:07]} g6 {[%clk 01:32:08]} {[%emt 00:00:06]}
5. e4 {[%clk 01:32:40]} {[%emt 00:00:03]} Nf6 {[%clk 01:32:34]} {[%emt
00:00:04]} 6. Nc3 {[%clk 01:33:05]} {[%emt 00:00:05]} Nxd4 {[%clk 01:33:00]}
{[%emt 00:00:05]} 7. Qxd4 {[%clk 01:33:30]} {[%emt 00:00:05]} d6 {[%clk
01:33:26]} {[%emt 00:00:04]} 8. Be3 {[%clk 01:32:35]} {[%emt 00:01:24]} Bg7
{[%clk 01:33:50]} {[%emt 00:00:06]} 9. Be2 {[%clk 01:31:51]} {[%emt 00:01:14]}
O-O {[%clk 01:34:14]} {[%emt 00:00:07]} 10. Qd2 {[%clk 01:30:28]} {[%emt
00:01:53]} Be6 {[%clk 01:34:10]} {[%emt 00:00:33]} 11. f3 {[%clk 01:29:34]}
{[%emt 00:01:24]} Qa5 {[%clk 01:31:53]} {[%emt 00:02:48]} 12. O-O {[%clk
01:29:41]} {[%emt 00:00:22]} Rfc8 {[%clk 01:32:18]} {[%emt 00:00:06]} 13. Nd5
{[%clk 01:28:49]} {[%emt 00:01:22]} Qxd2 {[%clk 01:32:13]} {[%emt 00:00:34]}
14. Bxd2 {[%clk 01:29:08]} {[%emt 00:00:11]} Nxd5 {[%clk 01:31:31]} {[%emt
00:01:13]} 15. exd5 {[%clk 01:23:20]} {[%emt 00:06:18]} Bf5 {[%clk 01:27:12]}
{[%emt 00:04:49]} 16. g4 {[%clk 01:22:22]} {[%emt 00:01:28]} Bd7 {[%clk
01:18:47]} {[%emt 00:08:54]} 17. Rac1 {[%clk 01:22:41]} {[%emt 00:00:11]} Bxb2
{[%clk 01:18:27]} {[%emt 00:00:50]} 18. Rb1 {[%clk 01:23:01]} {[%emt 00:00:10]}
Bd4+ {[%clk 01:18:51]} {[%emt 00:00:06]} 19. Kg2 {[%clk 01:22:33]} {[%emt
00:00:58]} Rc7 {[%clk 01:17:37]} {[%emt 00:01:45]} 20. f4 {[%clk 01:15:56]}
{[%emt 00:07:07]} f5 {[%clk 01:14:43]} {[%emt 00:03:24]} 21. g5 {[%clk
01:15:56]} {[%emt 00:00:29]} e5 {[%clk 01:12:25]} {[%emt 00:02:48]} 22. fxe5
{[%clk 01:14:27]} {[%emt 00:01:59]} Bxe5 {[%clk 01:11:45]} {[%emt 00:01:10]}
23. Bf4 {[%clk 01:14:22]} {[%emt 00:00:34]} Re8 {[%clk 01:09:44]} {[%emt
00:02:32]} 24. Bd3 {[%clk 01:13:55]} {[%emt 00:00:57]} Bxf4 {[%clk 01:08:32]}
{[%emt 00:01:42]} 25. Rxf4 {[%clk 01:14:23]} Re3 {[%clk 01:08:20]} {[%emt
00:00:42]} 26. Rf3 {[%clk 01:14:14]} {[%emt 00:00:40]} Rxf3 {[%clk 01:08:22]}
{[%emt 00:00:28]} 27. Kxf3 {[%clk 01:14:43]} {[%emt 00:00:01]} b6 {[%clk
01:07:24]} {[%emt 00:01:29]} 28. Re1 {[%clk 01:13:49]} {[%emt 00:01:23]} Kf7
{[%clk 01:06:53]} {[%emt 00:01:00]} 29. Kf4 {[%clk 01:13:24]} {[%emt 00:00:56]}
Bc8 {[%clk 01:05:15]} {[%emt 00:02:08]} 30. h4 {[%clk 01:13:02]} {[%emt
00:00:51]} Re7 {[%clk 01:03:23]} {[%emt 00:02:23]} 31. Rh1 {[%clk 01:13:03]}
{[%emt 00:00:29]} Ba6 {[%clk 01:02:40]} {[%emt 00:01:14]} 32. h5 {[%clk
01:10:28]} {[%emt 00:03:04]} Kg7 {[%clk 01:00:10]} {[%emt 00:02:59]} 33. h6+
{[%clk 01:06:30]} {[%emt 00:04:28]} Kf7 {[%clk 00:59:47]} {[%emt 00:00:54]} 34.
Rc1 {[%clk 01:06:11]} {[%emt 00:00:49]} Rc7 {[%clk 00:59:58]} {[%emt 00:00:19]}
35. Rc3 {[%clk 01:03:27]} {[%emt 00:03:14]} Kf8 {[%clk 00:49:10]} {[%emt
00:11:17]} 36. a4 {[%clk 01:02:44]} {[%emt 00:01:13]} Rc5 {[%clk 00:48:39]}
{[%emt 00:01:01]} 37. Rc2 {[%clk 01:02:02]} {[%emt 00:01:13]} Bc8 {[%clk
00:48:35]} {[%emt 00:00:33]} 38. Re2 {[%clk 00:55:50]} {[%emt 00:06:42]} Bd7
{[%clk 00:46:32]} {[%emt 00:02:34]} 39. Ra2 {[%clk 00:56:10]} {[%emt 00:00:10]}
Ra5 {[%clk 00:45:10]} {[%emt 00:01:52]} 40. Bc2 {[%clk 00:55:55]} {[%emt
00:00:44]} Kf7 {[%clk 00:40:31]} 1/2-1/2

[Event "ODJM B 2024"]
[Site "Willingen GER"]
[Date "2024.05.25"]
[Round "9"]
[White "Wildermuth, Nikolas Karl"]
[Black "Menke, Raphael Wilhelm"]
[Result "1/2-1/2"]
[Termination "normal"]
[Board "8"]
[WhiteElo "1777"]
[BlackElo "1776"]
[WhiteClock "00:53:29"]
[BlackClock "00:53:50"]
[PlyCount "41"]
[WhiteFideId "16244699"]
[BlackFideId "34621008"]
[EventCountry "GER"]
[EventRounds "9"]
[EventType "swiss"]
[EventDate "2024.05.18"]

1. e4 {[%clk 01:30:55]} {[%emt 00:00:04]} e5 {[%emt 00:00:09]} 2. Nf3 {[%clk
01:31:17]} {[%emt 00:00:04]} Nc6 {[%clk 01:31:24]} {[%emt 00:00:02]} 3. Bb5
{[%clk 01:31:39]} {[%emt 00:00:08]} a6 {[%clk 01:31:46]} {[%emt 00:00:08]} 4.
Bxc6 {[%clk 01:31:46]} {[%emt 00:00:24]} dxc6 {[%clk 01:32:08]} {[%emt
00:00:08]} 5. O-O {[%clk 01:32:09]} {[%emt 00:00:07]} Bg4 {[%clk 01:31:54]}
{[%emt 00:00:43]} 6. h3 {[%clk 01:32:33]} {[%emt 00:00:06]} h5 {[%clk
01:31:06]} {[%emt 00:01:19]} 7. d3 {[%clk 01:32:55]} {[%emt 00:00:08]} Bd6
{[%clk 01:30:53]} {[%emt 00:00:42]} 8. Be3 {[%clk 01:31:52]} {[%emt 00:01:33]}
Bxf3 {[%clk 01:28:28]} {[%emt 00:02:54]} 9. Qxf3 {[%clk 01:32:06]} {[%emt
00:00:17]} Qf6 {[%clk 01:28:45]} {[%emt 00:00:13]} 10. Qxf6 {[%clk 01:30:22]}
{[%emt 00:02:14]} Nxf6 {[%clk 01:28:01]} {[%emt 00:01:14]} 11. Nc3 {[%clk
01:26:58]} {[%emt 00:03:53]} O-O-O {[%clk 01:25:13]} {[%emt 00:03:19]} 12. Bg5
{[%clk 01:13:00]} {[%emt 00:14:28]} Be7 {[%clk 01:17:23]} {[%emt 00:08:20]} 13.
Nd1 {[%clk 01:08:22]} {[%emt 00:05:08]} Ng8 {[%clk 01:07:23]} {[%emt 00:10:31]}
14. Bxe7 {[%clk 01:05:23]} {[%emt 00:03:28]} Nxe7 {[%clk 01:05:44]} {[%emt
00:02:10]} 15. Ne3 {[%clk 01:02:17]} {[%emt 00:03:35]} b5 {[%clk 01:04:08]}
{[%emt 00:02:06]} 16. Rae1 {[%clk 00:57:27]} {[%emt 00:05:20]} c5 {[%clk
00:56:47]} {[%emt 00:07:51]} 17. Nf5 {[%clk 00:55:32]} {[%emt 00:02:24]} Nxf5
{[%clk 00:54:40]} {[%emt 00:02:38]} 18. exf5 {[%clk 00:54:30]} {[%emt
00:01:32]} Rde8 {[%clk 00:54:24]} {[%emt 00:00:47]} 19. Re4 {[%clk 00:54:06]}
{[%emt 00:00:54]} Kd7 {[%clk 00:53:50]} {[%emt 00:01:03]} 20. Rfe1 {[%clk
00:54:01]} {[%emt 00:00:35]} Kd6 {[%emt 00:01:25]} 21. f4 {[%clk 00:53:29]}
1/2-1/2

[Event "ODJM B 2024"]
[Site "Willingen GER"]
[Date "2024.05.25"]
[Round "9"]
[White "Tran, Minh Dat"]
[Black "Klein, Tristan"]
[Result "1/2-1/2"]
[Termination "normal"]
[Board "10"]
[WhiteElo "1731"]
[BlackElo "1701"]
[WhiteClock "01:07:57"]
[BlackClock "01:07:44"]
[PlyCount "44"]
[WhiteFideId "16244702"]
[BlackFideId "34621210"]
[EventCountry "GER"]
[EventRounds "9"]
[EventType "swiss"]
[EventDate "2024.05.18"]

1. c4 {[%clk 01:31:00]} {[%emt 17:51:07]} e5 {[%clk 01:30:52]} {[%emt
00:00:07]} 2. g3 {[%clk 01:31:26]} {[%emt 00:00:04]} h5 {[%clk 01:31:16]}
{[%emt 00:00:07]} 3. h4 {[%clk 01:31:47]} {[%emt 00:00:08]} Nc6 {[%clk
01:31:30]} {[%emt 00:00:16]} 4. Nc3 {[%clk 01:31:48]} {[%emt 00:00:30]} Bc5
{[%clk 01:31:27]} {[%emt 00:00:32]} 5. e3 {[%clk 01:31:36]} {[%emt 00:00:43]}
d6 {[%clk 01:29:30]} {[%emt 00:02:27]} 6. d3 {[%clk 01:30:24]} {[%emt
00:01:42]} Bg4 {[%clk 01:28:06]} {[%emt 00:01:53]} 7. Qb3 {[%clk 01:28:10]}
{[%emt 00:02:44]} Bb6 {[%clk 01:27:06]} {[%emt 00:01:31]} 8. Bd2 {[%clk
01:28:00]} {[%emt 00:00:40]} Nh6 {[%clk 01:22:44]} {[%emt 00:04:51]} 9. f3
{[%clk 01:26:30]} {[%emt 00:02:01]} Be6 {[%clk 01:22:00]} {[%emt 00:01:14]} 10.
Nge2 {[%clk 01:23:42]} {[%emt 00:03:17]} Nf5 {[%clk 01:21:14]} {[%emt
00:01:16]} 11. Nd5 {[%clk 01:20:45]} {[%emt 00:03:28]} Bxd5 {[%clk 01:17:26]}
{[%emt 00:04:17]} 12. cxd5 {[%clk 01:21:09]} {[%emt 00:00:06]} Nce7 {[%clk
01:17:24]} {[%emt 00:00:32]} 13. d4 {[%clk 01:18:54]} {[%emt 00:02:45]} O-O
{[%clk 01:14:34]} {[%emt 00:03:20]} 14. dxe5 {[%clk 01:18:39]} {[%emt
00:00:46]} dxe5 {[%clk 01:14:51]} {[%emt 00:00:13]} 15. e4 {[%clk 01:17:51]}
{[%emt 00:01:18]} Nd4 {[%clk 01:14:42]} {[%emt 00:00:39]} 16. Nxd4 {[%clk
01:17:18]} {[%emt 00:01:03]} Bxd4 {[%clk 01:14:32]} {[%emt 00:00:39]} 17. Be3
{[%clk 01:17:30]} {[%emt 00:00:17]} c6 {[%clk 01:11:21]} {[%emt 00:03:43]} 18.
Bxd4 {[%clk 01:16:15]} {[%emt 00:01:45]} exd4 {[%clk 01:11:36]} {[%emt
00:00:15]} 19. O-O-O {[%clk 01:12:39]} {[%emt 00:04:06]} cxd5 {[%clk 01:10:42]}
{[%emt 00:01:24]} 20. Rxd4 {[%clk 01:11:10]} {[%emt 00:01:58]} Qc7+ {[%clk
01:10:49]} {[%emt 00:00:24]} 21. Kb1 {[%clk 01:11:30]} {[%emt 00:00:10]} dxe4
{[%clk 01:08:35]} {[%emt 00:02:43]} 22. fxe4 {[%clk 01:07:57]} {[%emt
00:04:04]} Rfd8 {[%clk 01:07:44]} {[%emt 00:01:20]} 1/2-1/2

[Event "ODJM B 2024"]
[Site "Willingen GER"]
[Date "2024.05.25"]
[Round "9"]
[White "Hierl, Andreas"]
[Black "Meyer, Henry Paul"]
[Result "1-0"]
[Termination "normal"]
[Board "11"]
[WhiteElo "1713"]
[BlackElo "1718"]
[WhiteClock "01:32:57"]
[BlackClock "01:06:25"]
[PlyCount "31"]
[WhiteFideId "34660496"]
[BlackFideId "34645802"]
[EventCountry "GER"]
[EventRounds "9"]
[EventType "swiss"]
[EventDate "2024.05.18"]

1. e4 {[%clk 01:30:56]} {[%emt 00:00:03]} c5 {[%clk 01:30:55]} {[%emt
00:00:06]} 2. Nc3 {[%clk 01:31:21]} {[%emt 00:00:05]} d6 {[%clk 01:30:34]}
{[%emt 00:00:51]} 3. f4 {[%clk 01:31:45]} {[%emt 00:00:06]} g6 {[%clk
01:30:42]} {[%emt 00:00:22]} 4. Nf3 {[%clk 01:32:11]} {[%emt 00:00:04]} Nc6
{[%clk 01:30:19]} {[%emt 00:00:52]} 5. Bb5 {[%clk 01:32:36]} {[%emt 00:00:06]}
Bd7 {[%clk 01:29:53]} {[%emt 00:00:55]} 6. Bc4 {[%clk 01:32:47]} {[%emt
00:00:21]} Bg7 {[%clk 01:29:43]} {[%emt 00:00:40]} 7. O-O {[%clk 01:33:07]}
{[%emt 00:00:09]} e6 {[%clk 01:29:00]} {[%emt 00:01:12]} 8. d3 {[%clk
01:33:27]} {[%emt 00:00:12]} Nge7 {[%clk 01:28:34]} {[%emt 00:00:55]} 9. Qe1
{[%clk 01:33:43]} {[%emt 00:00:14]} O-O {[%clk 01:27:52]} {[%emt 00:01:11]} 10.
f5 {[%clk 01:33:57]} {[%emt 00:00:16]} exf5 {[%clk 01:23:11]} {[%emt 00:05:11]}
11. Qh4 {[%clk 01:34:02]} {[%emt 00:00:25]} Ne5 {[%clk 01:16:06]} {[%emt
00:07:35]} 12. Nxe5 {[%clk 01:33:07]} {[%emt 00:01:26]} Bxe5 {[%clk 01:12:20]}
{[%emt 00:04:16]} 13. Bg5 {[%clk 01:33:28]} {[%emt 00:00:09]} Bxc3 {[%clk
01:09:02]} {[%emt 00:03:48]} 14. bxc3 {[%clk 01:32:39]} {[%emt 00:01:20]} Re8
{[%clk 01:07:48]} {[%emt 00:01:43]} 15. Qh6 {[%clk 01:32:57]} {[%emt 00:00:12]}
f4 {[%clk 01:06:25]} {[%emt 00:01:53]} 16. Rxf4 {[%clk 01:32:57]} {[%emt
00:00:30]} 1-0

[Event "ODJM B 2024"]
[Site "Willingen GER"]
[Date "2024.05.25"]
[Round "9"]
[White "Er, Sadik Bugra"]
[Black "Barsov, Vladislav"]
[Result "1-0"]
[Termination "normal"]
[Board "12"]
[WhiteElo "1688"]
[BlackElo "1893"]
[WhiteClock "00:37:31"]
[BlackClock "01:03:03"]
[PlyCount "43"]
[WhiteFideId "34660410"]
[BlackFideId "34613757"]
[EventCountry "GER"]
[EventRounds "9"]
[EventType "swiss"]
[EventDate "2024.05.18"]

1. d4 {[%clk 01:30:52]} {[%emt 00:00:08]} g6 {[%clk 01:30:57]} {[%emt
00:00:04]} 2. e4 {[%clk 01:31:15]} {[%emt 00:00:06]} Bg7 {[%clk 01:31:24]}
{[%emt 00:00:03]} 3. Nc3 {[%clk 01:31:40]} {[%emt 00:00:06]} d6 {[%clk
01:31:37]} {[%emt 00:00:17]} 4. Bg5 {[%clk 01:32:03]} {[%emt 00:00:06]} h6
{[%clk 01:31:51]} {[%emt 00:00:16]} 5. Bh4 {[%clk 01:32:27]} {[%emt 00:00:06]}
Nd7 {[%clk 01:31:41]} {[%emt 00:00:40]} 6. Qd2 {[%clk 01:31:49]} {[%emt
00:01:08]} c6 {[%clk 01:31:28]} {[%emt 00:00:44]} 7. O-O-O {[%clk 01:23:20]}
{[%emt 00:08:57]} b5 {[%clk 01:31:23]} {[%emt 00:00:37]} 8. f4 {[%clk
01:21:23]} {[%emt 00:02:26]} Qb6 {[%clk 01:28:42]} {[%emt 00:03:12]} 9. Nf3
{[%clk 01:13:49]} {[%emt 00:08:03]} a5 {[%clk 01:26:38]} {[%emt 00:02:35]} 10.
e5 {[%clk 01:09:08]} {[%emt 00:05:11]} dxe5 {[%clk 01:22:52]} {[%emt 00:04:16]}
11. dxe5 {[%clk 01:05:42]} {[%emt 00:03:55]} Nc5 {[%clk 01:19:35]} {[%emt
00:03:48]} 12. Bf2 {[%clk 01:05:43]} {[%emt 00:00:29]} Be6 {[%clk 01:14:40]}
{[%emt 00:05:24]} 13. Qe3 {[%clk 01:03:43]} {[%emt 00:02:31]} b4 {[%clk
01:13:20]} {[%emt 00:01:50]} 14. Ne4 {[%clk 01:03:29]} {[%emt 00:00:43]} b3
{[%clk 01:09:46]} {[%emt 00:04:05]} 15. cxb3 {[%clk 01:00:19]} {[%emt
00:03:40]} Bxb3 {[%clk 01:08:03]} {[%emt 00:02:12]} 16. axb3 {[%clk 00:53:01]}
{[%emt 00:07:49]} Nxb3+ {[%clk 01:08:11]} {[%emt 00:00:22]} 17. Kb1 {[%clk
00:53:04]} {[%emt 00:00:26]} Qb4 {[%clk 01:07:45]} {[%emt 00:00:57]} 18. Qd3
{[%clk 00:51:18]} {[%emt 00:02:15]} f6 {[%clk 01:06:20]} {[%emt 00:01:55]} 19.
Qd7+ {[%clk 00:51:06]} {[%emt 00:00:42]} Kf8 {[%emt 00:11:10]} 20. Nc3 {[%clk
00:41:10]} fxe5 {[%clk 01:04:57]} {[%emt 00:01:39]} 21. Nxe5 {[%clk 00:37:21]}
{[%emt 00:04:19]} Qxf4 {[%clk 01:03:03]} {[%emt 00:02:24]} 22. Qd8+ {[%clk
00:37:31]} {[%emt 00:00:21]} 1-0